Valentine Heart Candy Messages Quiz Stats

 Plays Quiz Updated Feb 18, 2020

Support Sporcle.
Go Orange.
Score 0/138 Timer 14:00
0 Plays Today
% Correct
SWEET LOVE
73.1%
SWEET LOVE
73.1%
THE ONE I LOVE
69.9%
AMORE
69.8%
NEW LOVE
69.8%
LOVE ME
69.8%
BE MINE
66.8%
ILU
61.1%
I LOVE YOU
58.3%
KISS ME
53.2%
BEAR HUG
43.5%
TOO SWEET
36.9%
SWEET TALK
36.8%
SWEET PEA
36.7%
TWO HEARTS
35.1%
HEART OF GOLD
34.9%
PAGE ME
26.2%
TEXT ME
23.3%
URA QT
23.1%
TO
18.8%
HEAT WAVE
16.1%
EMAIL ME
15%
SUGAR PIE
13.3%
HONEY BUN
12.4%
AND
11.9%
THAT SMILE
10.8%
MISS YOU
9.9%
PUPPY LOVE
9.8%
PUPPY LOVE
9.8%
COOL DUDE
9.8%
SUN SHINE
9.3%
TRUE LOVE
9.1%
FAX ME
8.7%
DO GOOD
8.6%
YOU ROCK
7.2%
YOU ROCK
7.2%
DREAM
7.1%
YOU & ME
6.7%
URA TIGER
6.6%
ANGEL
6.3%
TWEET ME
5.9%
YUM YUM
5.8%
PURR FECT
5.6%
LOVE BUG
5.5%
LOVE BIRD
5.3%
WRITE ME
5.3%
% Correct
EVER AFTER
5.3%
IM ME
5%
BE TRUE
4.9%
SOUL MATE
4.9%
WILD LIFE
4.9%
SPICE IT UP
4.7%
ME + YOU
4.7%
CHILL OUT
4.6%
THANK YOU
4.6%
TEACH ME
4.4%
MY TREAT
4.5%
4.4%
COOL CAT
4.4%
NO WAY
4.4%
WHAT'S UP
4.3%
MY PET
4.3%
CLOUD NINE
4.3%
TOP DOG
4.3%
GO FISH
4.2%
MELT MY ♥
4.2%
WWW.CUPID
4.2%
LOOK GOOD
4.2%
CHARM ME
4.1%
VENUS
4%
MAGIC
4%
GO HOME
4%
TOP CHEF
4%
IN A FOG
4%
HOME RUN
4%
BE GOOD
3.9%
SWEET HOME
3.9%
ROMEO
3.9%
TAKE A WALK
3.9%
START NOW
3.9%
TABLE 4 TWO
3.8%
HOME SICK
3.8%
RECIPE 4 LOVE
3.8%
BE MY HERO
3.8%
CALL HOME
3.7%
NATURE LOVER
3.7%
ALL-STAR
3.7%
STIR MY HEART
3.7%
CHEER ME ON
3.7%
LOVE ME TENDER
3.7%
LOVE LETTER
3.7%
LOVE MY TEAM
3.7%
% Correct
HOUSE PARTY
3.7%
HOME SOON
3.7%
GET MY DRIFT
3.7%
DIVA
3.7%
IN STYLE
3.6%
#1 FAN
3.6%
LOVE LIFE
3.6%
NEW YOU
3.6%
YOU GO GIRL
3.6%
UR A STAR
3.6%
AS IF
3.6%
GOT LOVE
3.6%
3 WISHES
3.6%
LET'S READ
3.5%
DREAM TEAM
3.5%
WHIZ KID
3.5%
BE A SPORT
3.5%
PEN PAL
3.4%
MOON BEAM
3.4%
FIT FOR LOVE
3.4%
GIRL POWER
3.4%
CLASS ACT
3.4%
BOOK CLUB
3.4%
BE MY ICON
3.4%
TIME OUT
3.4%
WISE UP
3.3%
VOGUE
3.3%
MY WAY
3.3%
2000 HUGS
3.3%
DRESS UP
3.3%
ODYSSEY
3.3%
I GOT U BABE
3.3%
LET IT BE
3.3%
2000 KISSES
3.3%
TRES CHIC
3.3%
LET'S DO LUNCH
3.2%
YEAH RIGHT
3.2%
STAR DUST
3.2%
SCHOOL MATE
3.2%
1-800-CUPID
3.2%
WALK ON BY
3.2%
I WONDER
3.1%
LOVE 2001
3.1%
RISING STAR
3.1%
IN THE MOOD
3.1%
MUCH ADO
3.1%

You're not logged in!

Compare scores with friends on all Sporcle quizzes.
OR
Log In

From the Vault

Older Than Sliced Bread

by Bolafssonify

Since sliced bread was invented in 1928, it's been the gold standard of comparison to impressive inventions. We still have no idea why.
Remove Ads.
Support Sporcle.
Get the best of Sporcle when you Go Orange. This ad-free experience offers more features, more stats, and more fun while also helping to support Sporcle. Thank you for becoming a member.

Show Comments

Extras

Top Quizzes Today


Score Distribution

Your Account Isn't Verified!

In order to create a playlist on Sporcle, you need to verify the email address you used during registration. Go to your Sporcle Settings to finish the process.

Report this User

Report this user for behavior that violates our Community Guidelines.

Details: